header

Annual review of scalable computing. (Record no. 14890)

MARC details
000 -LEADER
fixed length control field 01219nam a2200301Ia 4500
245 00 - TITLE STATEMENT
Title Annual review of scalable computing.
260 ## - PUBLICATION, DISTRIBUTION, ETC. (IMPRINT)
Place of publication Singapore :
Name of publisher Singapore University Press :
-- World Scientific,
Year of publication c2002.
300 ## - PHYSICAL DESCRIPTION
Number of Pages xiii, 284 p. :
Other physical details ill.
490 1# - SERIES STATEMENT
Series statement Series on scalable computing ;
650 #0 - SUBJECT ADDED ENTRY--TOPICAL TERM
Topical Term High performance computing.
Topical Term Parallel processing (Electronic computers)
700 1# - ADDED ENTRY--PERSONAL NAME
Personal name Yuen, C. K.
856 40 - ELECTRONIC LOCATION AND ACCESS
Uniform Resource Identifier http://site.ebrary.com/lib/rucke/Doc?id=10255634

No items available.

© 2026 Rongo University
Contact us: librarian | system librarian | Rongo university